| 000 | 00496nam a22001697a 4500 | ||
|---|---|---|---|
| 003 | OSt | ||
| 005 | 20120302144157.0 | ||
| 008 | 090305t xxu||||| |||| 00| 0 eng d | ||
| 035 | _a७८४ | ||
| 040 | _cहिन्दी | ||
| 100 |
_aप्रेमचन्द _91526 |
||
| 245 | _aप्रेमचन्द प्रतिज्ञा | ||
| 250 | _a१ ली | ||
| 260 |
_aइलाहाबाद _bहंस _c१९६२ |
||
| 300 | _b१४८ पाने | ||
| 942 |
_2ddc _cBOOK |
||
| 999 |
_c486712 _d486709 |
||